000 00544nam a2200181Ia 4500
005 20250508163748.0
008 008 250505s9999 xx 000 0 eng d
037 _aTextual
040 _aFEDL
_beng
_cFEDL
041 _aeng
_2eng
084 _a370, UNE
_qFEDL
245 0 _aMicro-level educational planning and management
260 _aBangkok, Thailand
_bUNESCO Regional Office for Education in Asia and the Pacific
_c1986
300 _a90p.
650 _aEducation
942 _cTEXL
_h370, UNE
999 _c1385127
_d1385127